00522nam a2200181Ia 450000500170000000800410001702000180005804100120007608200160008810000180010424500940012225000120021626000350022830000230026365000180028665000170030470000190032120260429112129.0260429s9999||||xx |||||||||||||| ||und|| a9788131270400 aEnglish a616.92bNAG aNagoba, B. S. 0aMedical microbiology and parasitology : bprep manual for undergraduates / cB. S. Nagoba a5th ed. aNew Delhi : bElsevier,c2025. axviii, 694 p.; pbk a Parasitology aMicrobiology a Pichare, Asha